000 00205 a2200097 4500
001 45573
100 _aGordon, M
245 _aMen and angels
260 _aLondon
_bJonathan cape
_c
090 _c28735
_d28735
942 _aNUST-CAE
_cM
_c20819
999 _c280646
_d280646